Statistics for The Prodigy Discography

Click here to take the quiz!

General Stats

  • This quiz has been taken 22 times
  • The average score is 7 of 19

Answer Stats

TypeYearName% Correct
Album1997The Fat of the Land
80%
Album1992Experience
75%
Album2009Invaders Must Die
75%
Album1994Music for the Jilted Generation
75%
Album2015The Day Is My Enemy
60%
Album2004Always Outnumbered, Never Outgunned
55%
Compilation2005Their Law: The Singles 1990-2005
55%
Video Album2005Their Law: The Singles 1990–2005
55%
EP1991What Evil Lurks
40%
Mix Album1999The Dirtchamber Sessions Volume One
25%
EP1995Voodoo People
25%
Video Album2011World's on Fire
25%
Live Album2011World's on Fire
25%
EP2012The Added Fat EP
20%
Mix Album2006Back to Mine
15%
EP2015The Night Is My Friend EP
15%
Video Album1996Electronic Punks
10%
EP2009Lost Beats
10%
Remix EP2015HMV Exclusive Remix EP
5%

Score Distribution

Percentile by Number Answered

Percent of People with Each Score

Your Score History

You have not taken this quiz